Follow That Line: Superhero Edition Quiz Stats

 Plays Quiz Updated Apr 29, 2013

Challenge
Share
Tweet
Embed
Score 0/35 Timer 10:00
7 Plays Today
% Correct
' 'Greater good?' I am your wife! I'm the greatest *good* you are ever gonna get!'
90.7%
'You wouldn't like me when I'm angry.'
90.7%
'And when everyone's super... no one will be.'
88.5%
'I'm gonna make this pencil disappear. Ta-daa! It's... it's gone.'
87.5%
'We have a Hulk.'
87%
'You're locked in here with *ME*!'
86.5%
'And that parking lot. And behind that diner.'
84.2%
'There's only one God, ma'am, and I'm pretty sure he doesn't dress like that.'
83.9%
'Well, what would you prefer? Yellow spandex?'
82.7%
'Why so serious?'
81.6%
'I was having 12% of a moment.'
80.7%
'I don't know. Something amazing, I guess.'
79.7%
'Remember, with great power, comes great responsibility.'
79.3%
'No. I'm gonna fly out.'
78.6%
'You - you've got me? Who's got you?'
78.6%
'Come and kneel before Zod!'
75.8%
'Then give me one of those large enough to ride.'
74.2%
'In spite of everything you've done for them, eventually they will hate you.'
74.1%
% Correct
'I don't think so.'
72.7%
'Thanks for the good news!'
71.5%
'You ever dance with the devil in the pale moonlight?'
70%
'This... this is the instrument of your liberation!'
68.6%
'That's why it's so important. It separates us from them.'
67.1%
'And I'll whisper 'no.''
64.3%
'You... you... complete me.'
63.7%
'Like a monster.'
61.5%
'Taller'
58.3%
'Sounds hot.'
56.1%
'You're gonna end up fighting every elected official in this country!'
55.9%
'Mine's in California.'
55.9%
'What are you - dead?'
54.7%
'I'm starving.'
52.9%
'He gives them.'
52%
'Then... you have my permission to die!'
38.9%
'You should think of it as, uh... therapy.'
35.7%

You're not logged in!

Compare scores with friends on all Sporcle quizzes.
Join for Free
OR
Log In

You Might Also Like...

Show Comments

Extras

Top Quizzes Today


Score Distribution

Your Account Isn't Verified!

In order to create a playlist on Sporcle, you need to verify the email address you used during registration. Go to your Sporcle Settings to finish the process.

Report this User

Report this user for behavior that violates our Community Guidelines.

Details: